Counting To 10 In 10 Languages From Countries In The EU - Statistics

General Stats
  • This quiz has been taken 742 times
  • The average score is 36 of 100
Answer Stats
Language Answer % Correct
French 1 Un
92%
Spanish 1 Uno
91%
Spanish 3 Tres
89%
Spanish 2 Dos
88%
French 2 Deux
80%
French 3 Trois
79%
German 3 Drei
75%
Spanish 5 Cinco
73%
French 4 Quatre
73%
French 5 Cinq
72%
German 1 Eins
72%
German 2 Zwei
72%
French 9 Neuf
70%
Spanish 8 Ocho
69%
Spanish 4 Cuatro
68%
French 10 Dix
68%
German 5 Fünf
68%
French 7 Sept
68%
French 6 Six
68%
French 8 Huit
67%
Spanish 6 Seis
67%
Italian 1 Uno
67%
German 8 Acht
66%
Spanish 9 Nueve
65%
German 7 Sieben
65%
Spanish 7 Siete
65%
German 9 Neun
64%
German 4 Vier
64%
German 6 Sechs
63%
Spanish 10 Diez
60%
German 10 Zehn
59%
Italian 3 Tre
55%
Italian 2 Due
47%
Italian 4 Quattro
42%
Italian 6 Sei
41%
Italian 5 Cinque
39%
Italian 8 Otto
37%
Dutch 1 Één
36%
Italian 7 Sette
35%
Italian 9 Nove
32%
Portuguese 3 Três
32%
Dutch 4 Vier
30%
Italian 10 Dieci
29%
Dutch 8 Acht
28%
Dutch 2 Twee
28%
Portuguese 5 Cinco
26%
Portuguese 6 Seis
26%
Dutch 3 Drie
25%
Portuguese 4 Quatro
25%
Portuguese 1 Um
24%
Swedish 6 Sex
23%
Swedish 3 Tre
23%
Dutch 9 Negen
22%
Dutch 10 Tien
22%
Dutch 5 Vijf
22%
Dutch 7 Zeven
22%
Portuguese 2 Dois
21%
Danish 1 En
21%
Swedish 5 Fem
21%
Dutch 6 Zes
21%
Portuguese 9 Nove
20%
Portuguese 7 Sete
20%
Swedish 2 Två
20%
Swedish 4 Fyra
19%
Swedish 8 Åtta
18%
Polish 2 Dwa
18%
Swedish 1 Ett
18%
Swedish 9 Nio
18%
Swedish 7 Sju
18%
Swedish 10 Tio
18%
Danish 3 Tre
18%
Portuguese 10 Dez
16%
Danish 5 Fem
16%
Polish 1 Jeden
16%
Portuguese 8 Oito
16%
Danish 10 Ti
16%
Danish 9 Ni
15%
Danish 6 Seks
12%
Danish 2 To
12%
Danish 4 Fire
11%
Polish 3 Trzy
11%
Polish 5 Pięć
10%
Polish 4 Cztery
9%
Polish 9 Dziewięć
9%
Estonian 2 Kaks
9%
Estonian 3 Kolm
9%
Polish 8 Osiem
9%
Danish 8 Otte
9%
Polish 7 Siedem
9%
Danish 7 Syv
9%
Polish 10 Dziesięć
8%
Polish 6 Sześć
8%
Estonian 1 Üks
8%
Estonian 6 Kuus
7%
Estonian 7 Seitse
7%
Estonian 5 Viis
7%
Estonian 8 Kaheksa
6%
Estonian 10 Kümme
6%
Estonian 4 Neli
6%
Estonian 9 Üheksa
6%
No matching quizzes found
Score Distribution
Percent of People with Each Score
Percentile by Number Answered
Your Score History
You have not taken this quiz